| 000 | 00678nam a2200229 i 4500 | ||
|---|---|---|---|
| 001 | 103546 | ||
| 003 | ES-MaACL | ||
| 005 | 20250820063040.0 | ||
| 007 | t| | ||
| 008 | 060406s1978 sp ||||1| spa d | ||
| 020 | _a84-85209-11-7 | ||
| 080 | _a133.4 | ||
| 100 | 1 |
_aBonilla, Luis, _d1912- _930180 |
|
| 245 | 1 | 0 |
_aMagia y sociedad de consumo / _cLuis Bonilla. |
| 260 |
_aMadrid : _bEl Espejo, _c1978. |
||
| 300 |
_a278 p. ; _c20 cm. |
||
| 490 | 1 |
_aColección Las Ediciones de El Espejo ; _v21 |
|
| 650 | 1 | 4 |
_aMagia. _914729 |
| 830 | 0 |
_aColección Las Ediciones de El Espejo ; _v21 _9184774 |
|
| 852 |
_aES-MaACL _jC-56873 _bR.130841 |
||
| 999 |
_c103546 _d103546 |
||